| 000 | 01008nam a2200265 a 4500 | ||
|---|---|---|---|
| 008 | 120416s1982 ||||||||||||||||| || u | ||
| 020 | _a0070013608 | ||
| 050 | _aNA 2540 Alp | ||
| 100 | _aAlpern, Andrew | ||
| 245 | 1 | 0 | _aHandbook of specialty elements in architecture. |
| 260 |
_aLondon: _bMcGraw-Hill _c1982 |
||
| 300 | _axix, 484 pages : illustrations | ||
| 350 | _a0.00 | ||
| 650 | _aFountains | ||
| 650 | _aSymbolism in architecture | ||
| 650 | _aBARRIER--FREE DESIGN | ||
| 650 | _aRecreation centers | ||
| 650 | _aARCHITECTURAL DESIGN--EVALUATION | ||
| 650 | _aPlaygrounds | ||
| 650 | _aTEXTBOOKS | ||
| 650 | _aLighting, Architectural and decorative | ||
| 650 | _aLANDSCAPE ARCHITECTURE | ||
| 995 |
_aMAIN LIBRARY OPEN ACCESS _D0.00 _e707565 _FCBU-MAIN LIBRARY (Kitwe) _H1 _I43.50 _jNA 2540 Alp _M1 _UAVAILABLE _y010180 _ZMain Library Open Access Collection |
||
| 995 |
_aREFERENCE BOOKS _D0.00 _e720830 _FCBU-MAIN LIBRARY (Kitwe) _H2 _I43.50 _jNA 2540 Han _M2 _UREFERENCE _y022870 _ZReference Collection |
||
| 999 |
_c76113 _d76113 |
||